| 000 | 00403nam a22001697a 4500 | ||
|---|---|---|---|
| 005 | 20160701105256.0 | ||
| 008 | 160701b xxu||||| |||| 00| 0 eng d | ||
| 020 | _a81-85749-48-5 | ||
| 041 | _aeng | ||
| 082 | _b18051 | ||
| 100 |
_aSinghal, R K _93354 |
||
| 245 | _aAutomobile Engineering | ||
| 260 |
_bS.K. Kataria & Sons _c2011 |
||
| 300 | _a333 | ||
| 650 |
_aDiploma Engineering _9817 |
||
| 942 | _cBK | ||
| 999 |
_c5015 _d5013 |
||